[Event "Barcelona Sant Marti op-B 22nd"]
[Site "Barcelona"]
[Date "2022.07.17"]
[Round "5"]
[White "Morales Rubiella, Albert"]
[Black "Costa Ribalta, Andres"]
[Result "0-1"]
[WhiteElo "1411"]
[BlackElo "1637"]
[PlyCount "118"]
[EventDate "2022.07.13"]
[EventType "swiss"]
[EventRounds "9"]
[EventCountry "ESP"]
[SourceTitle "CBM 210 Extra"]
[Source "ChessBase"]
[SourceDate "2022.11.30"]
[SourceVersion "1"]
[SourceVersionDate "2022.11.30"]
[SourceQuality "1"]

1. e4 c5 2. Nf3 Nc6 3. d4 cxd4 4. Nxd4 e5 5. Nb5 d6 6. N1c3 a6 7. Na3 Nf6 8. Bg5 Be7 9. Bxf6 Bxf6 10. Nd5 Bg5 11. Nc4 b5 12. Ndb6 bxc4 13. Nxa8 Be7 14. Bxc4 Bb7 15. Qd5 0-0 16. Bxa6 Bxa6 17. Qxc6 Qxa8 18. Qxa8 Rxa8 19. 0-0-0 Bb7 20. Rhe1 Rxa2 21. Kb1 Ra4 22. f3 f5 23. exf5 Rf4 24. Re3 Kf7 25. Rc3 Kf6 26. Rc7 Ba6 27. Rd7 Bc8 28. R7xd6+ Bxd6 29. Rxd6+ Ke7 30. Rb6 Rxf5 31. Rb5 Ba6 32. Ra5 Bc8 33. Ra7+ Kf6 34. Ra8 Be6 35. Rf8+ Bf7 36. b3 Rg5 37. g3 Rf5 38. f4 exf4 39. gxf4 Rxf4 40. Rd8 Rf2 41. Rd4 Rxh2 42. Rf4+ Ke7 43. Rg4 Bg6 44. Rc4 h5 45. Rc7+ Kd6 46. Rxg7 Bxc2+ 47. Kb2 h4 48. Rg1 h3 49. Kc3 Be4 50. Kd4 Bc2 51. Ke3 Bxb3 52. Rg6+ Be6 53. Kf3 Ke5 54. Rh6 Rg2 55. Rh5+ Kf6 56. Kf4 Kg6 57. Re5 Bd7 58. Re1 h2 59. Rh1 Kh5 0-1

[Event "Barcelona Primavera La Lira op 11th"]
[Site "Barcelona"]
[Date "2018.04.12"]
[Round "1"]
[White "Costa Ribalta, Andres"]
[Black "Miralles Brugues, Jordi"]
[Result "0-1"]
[WhiteElo "1727"]
[BlackElo "2035"]
[PlyCount "124"]
[EventDate "2018.04.12"]
[EventType "swiss"]
[EventRounds "9"]
[EventCountry "ESP"]
[SourceTitle "CBM 184 Extra"]
[Source "ChessBase"]
[SourceDate "2018.06.28"]
[SourceVersion "1"]
[SourceVersionDate "2018.06.28"]
[SourceQuality "1"]

1. e4 c5 2. Nf3 g6 3. d4 cxd4 4. Nxd4 Nc6 5. Nxc6 bxc6 6. Qd4 f6 7. Bc4 Qb6 8. Be3 Qxd4 9. Bxd4 e5 10. Be3 Ne7 11. Nc3 Bb7 12. 0-0-0 Nc8 13. Rd2 Nb6 14. Bb3 Bb4 15. Rhd1 0-0-0 16. a3 Bxc3 17. bxc3 d5 18. Bxb6 axb6 19. exd5 c5 20. c4 Kd7 21. Ba4+ Kd6 22. Bb5 Ra8 23. Rd3 h5 24. Re3 g5 25. g3 g4 26. f3 gxf3 27. Rxf3 Rh6 28. Re1 Rf8 29. Rfe3 Bc8 30. Kd2 h4 31. a4 hxg3 32. hxg3 Rh2+ 33. Kc3 Bf5 34. Ra1 Rxc2+ 35. Kb3 Rd2 36. a5 bxa5 37. Rxa5 e4 38. Ra6+ Ke5 39. Kc3 Rf2 40. Rc6 Ra8 41. Ra6 Rh8 42. d6 Rhh2 43. d7 Rb2 44. Ba4 Bxd7 45. Bb3 Rbe2 46. Rxe2 Rxe2 47. Ra5 Re3+ 48. Kb2 Rxg3 49. Rxc5+ Kf4 50. Rc7 Be6 51. Rc6 Ke5 52. Bc2 f5 53. c5 e3 54. Kc3 f4 55. Bd1 e2+ 56. Kd2 exd1Q+ 57. Kxd1 Re3 58. Kd2 Re4 59. Rd6 Rd4+ 60. Ke2 Rxd6 61. cxd6 Ke4 62. Kf2 f3 0-1

[Event "Montcada op-C 25th"]
[Site "Montcada"]
[Date "2017.07.03"]
[Round "9"]
[White "Bhagat, Kush"]
[Black "Costa Ribalta, Andres"]
[Result "1/2-1/2"]
[WhiteElo "1355"]
[BlackElo "1773"]
[PlyCount "28"]
[EventDate "2017.06.26"]
[EventType "swiss"]
[EventRounds "9"]
[EventCountry "ESP"]
[SourceTitle "EXT 2018"]
[Source "ChessBase"]
[SourceDate "2017.10.13"]
[SourceVersion "1"]
[SourceVersionDate "2017.10.13"]
[SourceQuality "1"]

1. d4 d5 2. Bf4 Nf6 3. e3 e6 4. Nf3 Bd6 5. Bg3 Bxg3 6. hxg3 b6 7. Bd3 Ba6 8. Bxa6 Nxa6 9. c3 Nb8 10. Qa4+ Nfd7 11. Ne5 Qc8 12. Nd2 Qa6 13. Qxa6 Nxa6 14. Nxd7 Kxd7 1/2-1/2

[Event "Montcada op-C 25th"]
[Site "Montcada"]
[Date "2017.07.02"]
[Round "8"]
[White "Costa Ribalta, Andres"]
[Black "Ferres Saez, Joan"]
[Result "0-1"]
[WhiteElo "1773"]
[BlackElo "1765"]
[PlyCount "36"]
[EventDate "2017.06.26"]
[EventType "swiss"]
[EventRounds "9"]
[EventCountry "ESP"]
[SourceTitle "EXT 2018"]
[Source "ChessBase"]
[SourceDate "2017.10.13"]
[SourceVersion "1"]
[SourceVersionDate "2017.10.13"]
[SourceQuality "1"]

1. e4 c5 2. Nf3 g6 3. c3 Bg7 4. d4 cxd4 5. cxd4 d5 6. e5 Nc6 7. Qb3 Nh6 8. Nc3 e6 9. Nb5 0-0 10. Qc3 f6 11. Be2 fxe5 12. dxe5 Ng4 13. Bg5 Qb6 14. Qd2 Qxf2+ 15. Kd1 Qb6 16. Rf1 Bd7 17. h3 Ngxe5 18. Qc3 Nxf3 0-1

[Event "Montcada op-C 25th"]
[Site "Montcada"]
[Date "2017.06.27"]
[Round "2"]
[White "Siegel, Rainer"]
[Black "Costa Ribalta, Andres"]
[Result "0-1"]
[WhiteElo "1590"]
[BlackElo "1773"]
[PlyCount "80"]
[EventDate "2017.06.26"]
[EventType "swiss"]
[EventRounds "9"]
[EventCountry "ESP"]
[SourceTitle "EXT 2018"]
[Source "ChessBase"]
[SourceDate "2017.10.13"]
[SourceVersion "1"]
[SourceVersionDate "2017.10.13"]
[SourceQuality "1"]

1. d3 d5 2. Nd2 Nf6 3. Ngf3 Nc6 4. e4 e5 5. c3 a5 6. Be2 Bc5 7. 0-0 0-0 8. h3 Be6 9. Nb3 Bb6 10. Bg5 dxe4 11. Bxf6 Qxf6 12. dxe4 Qg6 13. Kh2 Qxe4 14. Bd3 Qf4+ 15. g3 Qh6 16. h4 Bg4 17. Be2 Rad8 18. Qe1 a4 19. Nc1 Rd6 20. Ng5 Bxe2 21. Qxe2 Rfd8 22. Qc4 Qg6 23. Qxa4 Rd2 24. Ne4 Rxb2 25. Qa3 Rb5 26. f3 Rbd5 27. Nb3 f5 28. c4 Rd3 29. c5 fxe4 30. cxb6 cxb6 31. Qa4 Rxf3 32. Rxf3 exf3 33. Qc4+ Qf7 34. Qe4 Qd5 35. Qg4 e4 36. Re1 Re8 37. Re3 Qe6 38. Qxe6+ Rxe6 39. Nd2 Nd4 40. Nxe4 Nc2 0-1